Statistiken für Ballon d'Or 2010

Klicken Sie hier um das Quiz zu spielen!

Allgemein

  • Dieses Quiz wurde 275 mal gespielt
  • Das Durchschnittsergebnis liegt bei 17 aus 23

Antwortstatistiken

PlatzSpielerVerein/eNationStimmenanteil% Korrekt
1.Lionel MessiFC BarcelonaArgentinien22,65%
100%
2.Andrés IniestaFC BarcelonaSpanien17,36%
99%
6.Cristiano RonaldoReal MadridPortugal3,92%
98%
3.XaviFC BarcelonaSpanien16,48%
98%
14.Arjen RobbenFC Bayern MünchenNiederlande1,16%
90%
9.Didier DrogbaFC ChelseaElfenbeinküste1,68%
90%
13.Mesut ÖzilSV Werder Bremen/Real MadridDeutschland1,21%
85%
22.Philipp LahmFC Bayern MünchenDeutschland0,05%
83%
12.Samuel Eto'oInter MailandKamerun1,37%
82%
15.Thomas MüllerFC Bayern MünchenDeutschland0,91%
82%
16.Bastian SchweinsteigerFC Bayern MünchenDeutschland0,75%
81%
5.Diego ForlánAtletico MadridUruguay7,61%
78%
4.Wesley SneijderInter MailandNiederlande14,48%
78%
7.Iker CasillasReal MadridSpanien2,9%
77%
8.David VillaFC Valencia/FC BarcelonaSpanien2,25%
71%
11.Carles PuyolFC BarcelonaSpanien1,43%
66%
29.Cesc FàbregasFC ArsenalSpanien0,22%
58%
21.Miroslav KloseFC Bayern MünchenDeutschland0,19%
57%
10.Xabi AlonsoReal MadridSpanien1,52%
57%
22.Dani AlvesFC BarcelonaBrasilien0,05%
56%
19.Júlio CésarInter MailandBrasilien0,22%
46%
17.MaiconInter MailandBrasilien0,57%
41%
18.Asamoah GyanStade Rennes/AFC SunderlandGhana0,46%
27%

Verteilung der Resultate

Perzentil nach korrekt beantworteten Fragen

Anzahl Personen mit jedem Resultat

Ihre Resultats-Entwicklung

Sie haben dieses Quiz noch nicht gespielt